Statistics for [路線図付き] 東京メトロ 南北線 駅名穴埋めクイズ

Click here to take the quiz!

General Stats

  • This quiz has been taken 418 times
  • The average score is 15 of 19

Answers on the Map

Answers color-coded by a green-red scale on the quiz's map according to % correct below.
 

Answer Stats

Answer% Correct
南北線N01目黒
95%
南北線N10飯田橋
90%
南北線N16王子
88%
南北線N03白金高輪
87%
南北線N09市ケ谷
86%
南北線N14駒込
86%
南北線N08四ツ谷
86%
南北線N19赤羽岩淵
83%
南北線N11後楽園
81%
南北線N02白金台
81%
南北線N07永田町
80%
南北線N12東大前
76%
南北線N06溜池山王
75%
南北線N17王子神谷
72%
南北線N04麻布十番
69%
南北線N18志茂
68%
南北線N13本駒込
68%
南北線N05六本木一丁目
67%
南北線N15西ケ原
63%

Score Distribution

Percentile by Number Answered

Percent of People with Each Score

Your Score History

You have not taken this quiz